Liberalizacja obrotów w strefie wolnego handlu. 2.
Liberalizácia nepriamych prekážok v obchode znamená elimináciu nepriamych prekážok sťažujúcich voľnú konkurenciu. Najčastejšou nepriamou prekážkou v medzinárodnom obchode je štátna pomoc. Pravidlá v zmluvách o konkurencii. Tak je to aj v prípade dumpingu. Metódy vonkajšej ochrany oblastí voľného obc...
Salvato in:
| Autore principale: | |
|---|---|
| Natura: | Capitolo di libro |
| Lingua: | polacco |
| Soggetti: | |
| Tags: |
Nessun Tag, puoi essere il primo ad aggiungerne!!
|
MARC
| LEADER | 00000naa a2200000 4500 | ||
|---|---|---|---|
| 001 | r011638 | ||
| 005 | 20221125123135.5 | ||
| 041 | 0 | |a pol | |
| 044 | |a PL | ||
| 245 | 1 | 0 | |a Liberalizacja obrotów w strefie wolnego handlu. 2. |c J. Kundera |
| 520 | |a Liberalizácia nepriamych prekážok v obchode znamená elimináciu nepriamych prekážok sťažujúcich voľnú konkurenciu. Najčastejšou nepriamou prekážkou v medzinárodnom obchode je štátna pomoc. Pravidlá v zmluvách o konkurencii. Tak je to aj v prípade dumpingu. Metódy vonkajšej ochrany oblastí voľného obchodu. Zásady o pôvode tovaru. Kritérium percentuálneho podielu. | ||
| 610 | 2 | 0 | |a obchod voľný |
| 610 | 2 | 0 | |a liberalizácia |
| 610 | 2 | 0 | |a obrat obchodu zahraničného |
| 610 | 2 | 0 | |a konkurencia medzinárodná |
| 610 | 2 | 0 | |a obchod medzinárodný |
| 610 | 2 | 0 | |a oblasti obchodu voľného |
| 610 | 2 | 0 | |a zmluvy obchodné |
| 610 | 2 | 0 | |a dumping |
| 610 | 2 | 0 | |a protekcionizmus |
| 610 | 2 | 0 | |a pôvod tovaru |
| 100 | 1 | |a Kundera, J. | |